000
00254nam a22001217a 4500
082
_a
891.4392
100
_a
Bano Qudsia
245
_a
Lagan Apni Apni
260
_a
Lahore
_b
Sang e Meel
_c
2005.
300
_a
248.p ;
500
_a
Hardcover.
942
_c
BK
999
_c
33104
_d
33104